书目信息 |
| 题名: |
河南犹太人
|
|
| 作者: | 王春来 著 | |
| 分册: | ||
| 出版信息: | 北京 中国文联出版公司 2006.01 |
|
| 页数: | 254页 | |
| 开本: | 21cm | |
| 丛书名: | ||
| 单 册: | ||
| 中图分类: | I247.5 | |
| 科图分类: | ||
| 主题词: | 长篇小说--中国--当代 | |
| 电子资源: | ||
| ISBN: | 7-5059-5156-4 | |
| 000 | 00730nam0 2200229 450 | |
| 001 | 1051653624 | |
| 005 | 20100716175210.65 | |
| 010 | @a7-5059-5156-4@dCNY25.00 | |
| 100 | @a20100515d2006 km y0chiy0120 ea | |
| 101 | 0 | @achi |
| 102 | @aCN@b110000 | |
| 105 | @ay z 000ay | |
| 200 | 1 | @a河南犹太人@Ahe nan you tai ren@d= Henan Ghetto@f王春来著@Fwang chun lai zhu@zeng |
| 210 | @a北京@c中国文联出版公司@d2006.01 | |
| 215 | @a254页@d21cm | |
| 330 | @a沉默了千年的河南犹太人第一次向世人发出了自己的声音。这是一群与爱因斯坦一样血统的中国人。 | |
| 510 | 1 | @a Henan Ghetto@zeng |
| 606 | 0 | @a长篇小说@y中国@z当代 |
| 690 | @aI247.5@v4 | |
| 701 | 0 | @a王春来@Awang chun lai@4著 |
| 801 | 0 | @aCN@c20100515 |
| 905 | @dI247.5@eW130-2@f3 | |
| 河南犹太人= Henan Ghetto/王春来著.-北京:中国文联出版公司,2006.01 |
| 254页;21cm |
| ISBN 7-5059-5156-4:CNY25.00 |
| 沉默了千年的河南犹太人第一次向世人发出了自己的声音。这是一群与爱因斯坦一样血统的中国人。 |
| ● |
| 相关链接 |
|
|
|
正题名:河南犹太人
索取号:I247.5/W130-2
 
预约/预借
| 序号 | 登录号 | 条形码 | 馆藏地/架位号 | 状态 | 备注 |
| 1 | 992178 | 209921780 | 文学库108/108文学库 36排11列2层/ [索取号:I247.5/W130-2] |
已借出,限还日期为2024.12.07 借出人:纪天一 |
|
| 2 | 992179 | 209921799 | 文学库108/108文学库 36排11列2层/ [索取号:I247.5/W130-2] | 在馆 | |
| 3 | 992180 | 209921806 | 文学库108/108文学库 36排11列2层/ [索取号:I247.5/W130-2] | 在馆 |